000 00385nam a2200133Ia 4500
008 241014s9999||||xx |||||||||||||| ||und||
020 _a0-7817-4144-0
060 _aWN 206 V 2003
100 _aVon Schulthess, Gustav K.
245 0 _aClinical molecular anatomic imaging
260 _bLippincott Williams and Wilkins
_c2003
650 _aRadiology, Diagnostic Imaging
942 _bDIMC
_cBK
999 _c9935
_d9935